000 00846 a2200217 4500
003 UA-OsUOA
005 20260427162404.0
008 260427b un ||||| |||| 00| 0 ukr d
040 _aUA-OsUOA
_bukr
_cUA-OsUOA
_dUA-OsUOA
041 _aukr
080 _a050
090 _a050
_bЖ66
245 _aЖіночий світ
_cред. Анна Вах
_nч. 5-6
260 _bОрганізація Українок Канади ім. Ольги Басараб
_cтравень-червень 1999
_aВінніпеґ
300 _a44 с.
520 _aРік XLX травень-червень 1999 ч. 5-6 (576-577)
650 _2UDC
_a050 Серіальні видання. Періодика
_93723
942 _cMG
_2udc
955 _a4
999 _c580578
_d580578